header

A Brief History Of Time (Record no. 257112)

MARC details
000 -LEADER
fixed length control field 00348nam a22001457a 4500
003 - CONTROL NUMBER IDENTIFIER
control field OSt
005 - DATE AND TIME OF LATEST TRANSACTION
control field 20180801155316.0
008 - FIXED-LENGTH DATA ELEMENTS--GENERAL INFORMATION
fixed length control field 180801b xxu||||| |||| 00| 0 eng d
020 ## - INTERNATIONAL STANDARD BOOK NUMBER
International Standard Book Number 0-553-05340-X
040 ## - CATALOGING SOURCE
Transcribing agency n/a
100 ## - MAIN ENTRY--PERSONAL NAME
Personal name Stephen W.Hawking
245 ## - TITLE STATEMENT
Title A Brief History Of Time
260 ## - PUBLICATION, DISTRIBUTION, ETC. (IMPRINT)
Place of publication, distribution, etc New York
Name of publisher, distributor, etc Bantam Books
Date of publication, distribution, etc 1988
942 ## - ADDED ENTRY ELEMENTS (KOHA)
Source of classification or shelving scheme Library of Congress Classification
Koha item type Long Loan Books
Holdings
Withdrawn status Lost status Source of classification or shelving scheme Damaged status Not for loan Collection code Home library Current library Shelving location Date acquired Total Checkouts Full call number Barcode Date last seen Date checked out Price effective from Koha item type
    Library of Congress Classification     Non-fiction Rongo University Library Rongo University Library General Stacks 01/08/2018 1 QB981.H377 1988 201801364 28/02/2020 27/02/2020 01/08/2018 Long Loan Books

© 2026 Rongo University
Contact us: librarian | system librarian | Rongo university